000
00380nam a22001097a 4500
082
_a
294
100
_a
शर्मा, विक्रम
_9
80820
245
_a
भगवान परशुराम पुराण
260
_a
दिल्ली
_b
कल्पना प्रकाशन
_c
२०१८
650
_a
हिन्दू धर्म
_9
71828
942
_c
BK
999
_c
64062
_d
64062